000 00350nam a2200145Ia 4500
008 231217s9999 xx 000 0 und d
020 _a74633627
041 _aEnglish
082 _a658.8 SAX;6
100 _aSaxena, Rajan.
245 0 _aMarketing management
260 _c1999
_bTata McGraw-Hill
_aNew Delhi
300 _axvii+566
942 _cAA
999 _c178259
_d178259